| 000 | 01431cam a22002891i 4500 | ||
|---|---|---|---|
| 003 | SA-RiAUC | ||
| 005 | 20241106080912.0 | ||
| 008 | 241105s2002 le g 000 0 ara c | ||
| 040 |
_aJO-AmJU _bara _cSA-RiAUC _erda |
||
| 050 | 4 | _b.S25 2002 | |
| 082 | 0 | 4 |
_a237.3 _qSA-RiAUC |
| 090 |
_a237.3 _bس خ ا |
||
| 100 | 1 |
_aالسخاوي، محمد بن عبد الرحمن بن محمد، _d831-902 هجري _eمؤلف. |
|
| 245 | 1 | 2 |
_aالقول البديع في الصلاة على الحبيب الشفيع صلى الله عليه وسلم / _cمحمد بن عبد الرحمن السخاوي ؛ تحقيق محمد عوامة. |
| 250 | _aالطبعة الأولى. | ||
| 264 | 1 |
_aبيروت : _bمؤسسة الريان، _c2002 |
|
| 300 |
_a536 صفحة ؛ _c24 سم |
||
| 336 |
_aنص _btxt _2rdacontent _3كتاب |
||
| 337 |
_aبدون وسيط _bn _2rdamedia |
||
| 338 |
_aمجلد _bnc _2rdacarrier |
||
| 650 | 7 |
_aالصلاة على النبي (صلى الله عليه وسلم) _2aucsh |
|
| 650 | 7 |
_aالأدعية والأوراد _2aucsh |
|
| 700 | 1 |
_aعوامة، محمد، _d1940- _eمحقق. |
|
| 700 | 1 | 2 |
_iتحقيق لـ (عمل) : _aالسخاوي، محمد بن عبد الرحمن بن محمد، _d831-902 هجري. _tالقول البديع في الصلاة على الحبيب الشفيع صلى الله عليه وسلم |
| 942 |
_2ddc _cBOOK _n0 |
||
| 949 |
_aSA-JeALM _d241105 _umohamedma123 _n1 |
||
| 999 |
_c2082 _d2082 |
||